Tại sao chúng tôi muốn bạn giàu? : Hai người giàu. Một thông điệp = Why we want you to be rich?
Chia sẻ những bài học và bí quyết đầu tư hiệu quả trong kinh doanh để thành công về tài chính
Zapisane w:
| 1. autor: | |
|---|---|
| Format: | Książka |
| Język: | Undetermined |
| Wydane: |
Tp.HCM
Trẻ
2013
|
| Hasła przedmiotowe: | |
| Etykiety: |
Dodaj etykietę
Nie ma etykietki, Dołącz pierwszą etykiete!
|
| Thư viện lưu trữ: | Trung tâm Học liệu Trường Đại học Cần Thơ |
|---|
| LEADER | 00794nam a2200217Ia 4500 | ||
|---|---|---|---|
| 001 | CTU_188047 | ||
| 008 | 210402s9999 xx 000 0 und d | ||
| 020 | |c 85000 | ||
| 082 | |a 650.12 | ||
| 082 | |b T867 | ||
| 100 | |a Trump, Donald J. | ||
| 245 | 0 | |a Tại sao chúng tôi muốn bạn giàu? : | |
| 245 | 0 | |b Hai người giàu. Một thông điệp = Why we want you to be rich? | |
| 245 | 0 | |c Donald J. Trump, Robert T. Kiyosaki ; Lê Tuyên dịch | |
| 260 | |a Tp.HCM | ||
| 260 | |b Trẻ | ||
| 260 | |c 2013 | ||
| 520 | |a Chia sẻ những bài học và bí quyết đầu tư hiệu quả trong kinh doanh để thành công về tài chính | ||
| 650 | |a Financial | ||
| 904 | |i Bằng | ||
| 980 | |a Trung tâm Học liệu Trường Đại học Cần Thơ | ||